00233nam a2200085Ia 4500008004100000100002300041245003200064260004200096260000900138170620s9999 xx 000 0 und d aMukalel- Joseph C. 0aLinguistics for the Teacher bNew Delhi- Discovery Publishing House c2003